zpět

Detail výsledku týmu

Dno pytle - Vinohrady, Praha

Datum a čas kvízu

22.5 Celkem bodů Celkový počet nahraných bodů na tomto kvízu bez doplňovacích otázek.
7. Pořadí na kvízu Konečné umístění týmu na tomto kvízu.

Zaznamenané odpovědi

# Otázka Odpověď Body Výsledky
1. V pondělí proběhlo soudní přel... Pražský výběr 1
2. V jednom hlavním městě na jihu... v Albánii 1
3. 38letá americká herečka a zpěv... Lady Gaga, Joker 0.5
4. Klienti jedné logistické spole... Zásilkovna 1
5. Čtyřčlenné mužstvo z Olomouce... C) kopání hrobů 1
6. V České republice dle zákona o... Úřad pro zahraniční styky a informace, Vojenské zpravodajství 0
7. U BIS ještě zůstaneme. Jak se... Michal Koudelka 0
8. Five Eyes je aliance zpravodaj... Kanady, Nového Zélandu 0.5
9. Zpravodajské služby nebo tajná... Čeka 0
10. „Seržant Nicholas Brody se nav... Homeland / Ve jménu vlasti 0